|
|
|
|
| LEADER |
00972nam a2200313 4500 |
| 001 |
DLU090095853 |
| 005 |
##20091201 |
| 040 |
# |
# |
|a DLU
|b eng
|
| 041 |
# |
# |
|a eng
|
| 044 |
# |
# |
|a us
|
| 245 |
# |
# |
|a On the meaning and measurement of engagement in youth residential treatment centers /
|c Wm. Scott Cunningham ... [et al.].
|
| 653 |
# |
# |
|a Client engagement
|
| 653 |
# |
# |
|a Residential treatment centers
|
| 653 |
# |
# |
|a Treatment process
|
| 700 |
# |
# |
|a Cunningham, Wm. Scott.
|
| 700 |
# |
# |
|a Duffee, David E.
|
| 700 |
# |
# |
|a Huang, Yufan.
|
| 700 |
# |
# |
|a Naccarato, Toni.
|
| 700 |
# |
# |
|a Steinke, Camela M.
|
| 773 |
# |
# |
|t Research on Social Work Practice
|g Vol. 19, no. 1 (January 2009), p. 63-76
|
| 920 |
# |
# |
|a Phòng Tạp chí -- Trung tâm Thông tin - Thư viện Trường Đại học Đà Lạt
|
| 994 |
# |
# |
|a DLU
|
| 900 |
# |
# |
|a True
|
| 911 |
# |
# |
|a Trương Bảo Trâm Anh
|
| 925 |
# |
# |
|a G
|
| 926 |
# |
# |
|a A
|
| 927 |
# |
# |
|a BB
|
| 980 |
# |
# |
|a Thư viện Trường Đại học Đà Lạt
|